| Tag |
First Indicator |
Second Indicator |
Subfields |
| LEADER |
00000cam a2200000 a 4500 |
| 001 |
in00000085691 |
| 005 |
20151008053247.0 |
| 008 |
760813c1971 nyua 00010 eng d |
| 010 |
|
|
|z 69-16871
|
| 020 |
|
|
|a 0671293273
|
| 020 |
|
|
|a 0671418785 (pbk) :
|c $1.50
|
| 035 |
|
|
|a (OCoLC)02369545
|
| 035 |
|
|
|9 AAH6836AM
|
| 040 |
|
|
|a IUA
|c IUA
|d m.c.
|d TXA
|d UtOrBLW
|
| 049 |
|
|
|a [Curr Col] TXAM
|c [1387664]
|
| 090 |
|
|
|a GV1493
|b G34 1971
|
| 100 |
1 |
|
|a Gardner, Martin,
|d 1914-2010.
|
| 245 |
1 |
0 |
|a Perplexing puzzles and tantalizing teasers /
|c by Martin Gardner ; illustrated by Laszlo Kubinyi.
|
| 264 |
|
1 |
|a New York :
|b Pocket Books,
|c 1971
|
| 264 |
|
4 |
|c ©1969
|
| 300 |
|
|
|a 128 pages :
|b illustrations ;
|c 18 cm.
|
| 336 |
|
|
|a text
|b txt
|2 rdacontent
|
| 337 |
|
|
|a unmediated
|b n
|2 rdamedia
|
| 338 |
|
|
|a volume
|b nc
|2 rdacarrier
|
| 490 |
0 |
|
|a An Archway paperback
|
| 520 |
|
|
|a A collection of word and picture puzzles, riddles, and tricky questions. Includes answers at the back of the book.
|
| 999 |
|
|
|a MARS
|
| 999 |
f |
f |
|s e6261fd0-ea08-36e9-8dbc-31d1ec306da7
|i ca0773fa-5685-3340-8a55-6be8f6f88a42
|t 0
|
| 952 |
f |
f |
|p ric
|a Texas A&M University
|b Rellis Campus
|c Joint Library Facility
|d Remote Storage
|t 0
|e GV1493 G34 1971
|h Library of Congress classification
|i unmediated -- volume
|m A14805954463
|
| 998 |
f |
f |
|a GV1493 G34 1971
|t 0
|l Remote Storage
|